MSM Consulting Ltd v United Republic of Tanzania (Record no. 81742)
[ view plain ]
| 000 -LEADER | |
|---|---|
| fixed length control field | 01995cad a22002415a 4500 |
| 001 - CONTROL NUMBER | |
| control field | L148178 |
| 008 - FIXED-LENGTH DATA ELEMENTS--GENERAL INFORMATION | |
| fixed length control field | 090811e20090130xxk f v 000 0 eng d |
| 035 ## - SYSTEM CONTROL NUMBER | |
| System control number | (Sirsi) u148178 |
| 041 0# - LANGUAGE CODE | |
| Language code of text/sound track or separate title | eng |
| 245 00 - TITLE STATEMENT | |
| Title | MSM Consulting Ltd v United Republic of Tanzania |
| Medium | [electronic resource] |
| 260 ## - PUBLICATION, DISTRIBUTION, ETC. | |
| Date of publication, distribution, etc. | 2009 |
| 520 ## - SUMMARY, ETC. | |
| Summary, etc. | [2009] EWHC 121 (QB), 30 January 2009. The case considers the basic facts on a claim to recover a commission or a quantum meruit payment. MSM Consulting Ltd (C) was the company of an individual (M). Upon learning that the High Commission of Tanzania (T) was looking for new premises in London, M looked for suitable properties and visited them with representatives of T. M introduced the terms of business to T who concluded that the rates were too high. The terms were never agreed. The relevant ministry in Tanzania eventually appointed an established UK estate agent and concluded the purchase of a property through this estate agent. C argued that T had accepted its terms and conditions and claimed commission for acting in its behalf between 2002 and 2004. "Held": T did not promise to sign C's terms and conditions neither to pay C. There was no contract with C. C had only introduced the property to T. C was not the cause of the eventual purchase which was done by the other agent. The work done by M was in anticipation of a contract with C which did not materialise. C is not entitled to be paid of a commission neither of a quantum meruit. |
| 590 ## - LOCAL NOTE (RLIN) | |
| Local note | KA |
| 650 24 - SUBJECT ADDED ENTRY--TOPICAL TERM | |
| Topical term or geographic name entry element | MSM CONSULTING LTD V UNITED REPUBLIC OF TANZANIA |
| 650 24 - SUBJECT ADDED ENTRY--TOPICAL TERM | |
| Topical term or geographic name entry element | FOXTONS LTD V BICKNELL |
| 650 24 - SUBJECT ADDED ENTRY--TOPICAL TERM | |
| Topical term or geographic name entry element | COUNTRYWIDE COMMUNICATIONS LTD V ICL PATHWAY LTD AND ANOTHER |
| 650 24 - SUBJECT ADDED ENTRY--TOPICAL TERM | |
| Topical term or geographic name entry element | ESTATE AGENTS ACT 1979 S18 |
| 650 24 - SUBJECT ADDED ENTRY--TOPICAL TERM | |
| Topical term or geographic name entry element | ESTATE AGENTS (PROVISION OF INFORMATION) REGULATIONS 1991 |
| 651 #4 - SUBJECT ADDED ENTRY--GEOGRAPHIC NAME | |
| Geographic name | England and Wales |
| Chronological subdivision | 1543- |
| 690 ## - LOCAL SUBJECT ADDED ENTRY--TOPICAL TERM (OCLC, RLIN) | |
| Topical term or geographic name as entry element | PROPERTY-PROPERTY AGENCY |
| 856 40 - ELECTRONIC LOCATION AND ACCESS | |
| Uniform Resource Identifier | <a href="https://www.bailii.org/ew/cases/EWHC/QB/2009/121.html">https://www.bailii.org/ew/cases/EWHC/QB/2009/121.html</a> |
| Public note | View the case free of charge at www.bailli.org... |
| 942 ## - ADDED ENTRY ELEMENTS (KOHA) | |
| Suppress in OPAC | 0 |
| Withdrawn status | Lost status | Source of classification or shelving scheme | Damaged status | Not for loan | Home library | Current library | Shelving location | Date acquired | Total Checkouts | Full call number | Barcode | Date last seen | Copy number | Price effective from | Koha item type |
|---|---|---|---|---|---|---|---|---|---|---|---|---|---|---|---|
| Dewey Decimal Classification | Virtual | Virtual | Online | 11/08/2009 | ONLINE PUBLICATION | 148178-2001 | 06/08/2019 | 1 | 06/08/2019 | Law report |